00472 2200169 4500001002100000005001500021035002000036245007300056100001500129250001700144300003200161260003300193082001100226084001700237020002200254650002600276INLIS00000000000031720240602014423 a0010-06240000261 aBudi Daya Mentimun dan Tanaman Musim Secara Hidroponik /cAhmad Said0 aAhmad Said acetakan ke-1 aiv, 92 hlm :bilus ;c21 cm aJakarta :bAzka Press,c2007 a631.58 a631.58 AHM b a978-979-121-135-2 4aBudi daya, hidroponik